Miller's guide to founations & sitework

Bibliographic Details
Main Author: Miller, Rex
Other Authors: Miller, Mark R.
Format: Book
Published: New York : McGraww-Hill , 2005
Subjects:

MARC

LEADER 00000cam a2200000 7i4500
001 0000020339
005 20071010.0
020 |a 0071451455 
040 |a INS 
090 0 0 |a TH2101   |b M54 2005 
100 1 |a Miller, Rex 
245 1 0 |a Miller's guide to founations & sitework   |c Rex Miller,Mark R. Miller 
260 |a New York :   |b McGraww-Hill ,   |c 2005 
300 |a xii, 212p. :   |b ill. ;   |c 27cm. 
500 |a Includes index 
650 0 0 |a Buildings sites 
650 0 0 |a Dwellings   |x Foundations 
700 1 |a Miller, Mark R. 
999 |a 0000019197   |b BOOK   |c Open Shelf   |e Default branch